000
00241nam a22000857a 4500
008
240516b ||||| |||| 00| 0 eng d
100
_a
Robert A Siegel
245
_a
The Keith J. Steiner Collection of Hawaiian Numerals
650
_a
Hawaiian Numerals
999
_c
3598
_d
3598